|
|
|
|
| LEADER |
00949cam a2200217 7i4500 |
| 001 |
0000083111 |
| 005 |
20240806090000.0 |
| 020 |
|
|
|a 9781394174522 (electronic book)
|
| 090 |
0 |
0 |
|a R856
|b .M43 2024
|
| 245 |
0 |
0 |
|a Mechanical engineering in biomedical applications :
|b bio-3D printing, biofluid mechanics, implant design, biomaterials, computational biomechanics, tissue mechanics
|c edited by Jay Prakash Srivastava [and five others].
|
| 264 |
|
|
|a Wiley:
|b Scrivener Publishing,
|c 2024.
|
| 300 |
|
|
|a 1 online resource (448 pages):
|b text file, PDF.
|
| 336 |
|
|
|a text
|2 rdacontent
|
| 337 |
|
|
|a computer
|2 rdamedia
|
| 338 |
|
|
|a online resource
|2 rdacarrier
|
| 650 |
|
0 |
|a Biomedical engineering
|
| 655 |
|
0 |
|a Electronic books
|
| 700 |
1 |
|
|a Srivastava, Jay Prakash
|
| 856 |
4 |
2 |
|u http://library.unisel.edu.my/web/guest/mylibrary
|
| 997 |
|
|
|a Engineering & Life Sciences, Faculty
|b Engineering, Department
|
| 999 |
|
|
|a EBO0023620
|b EBOOK
|c EBOOK
|e Electronic resources
|